Poesía de siempre

Đã lưu trong:
Chi tiết về thư mục
Tác giả chính: Barba Jacob, Porfirio
Định dạng: Sách
Ngôn ngữ:Undetermined
Được phát hành: Medellín, Colombia Horizonte [s.f.]
Những chủ đề:
Các nhãn: Thêm thẻ
Không có thẻ, Là người đầu tiên thẻ bản ghi này!

MARC

LEADER 00000nam a2200000Ia 4500
008 170316s9999 xx 000 0 und d
040 |a cru BVZT 
090 |a 860 B-9po 
100 |a Barba Jacob, Porfirio 
245 |a Poesía de siempre 
260 |a Medellín, Colombia 
260 |b Horizonte 
260 |c [s.f.] 
300 |a 40 páginas 
650 |a LITERATURA LATINOAMERICANA 
999 |c 8475  |d 8475 
942 |c 15 D  |h 860 B-9po  |2 z